El modernismo visto por los modernistas

Guardat en:
Dades bibliogràfiques
Autor principal: Gullón, Ricardo (Autor)
Format: Llibre
Idioma:espanyol
Publicat: Barcelona Guadarrama 1980
Col·lecció:Colección Punto Omega. Sección Teoría y Crítica Literaria, 257
Matèries:
Etiquetes: Afegir etiqueta
Sense etiquetes, Sigues el primer a etiquetar aquest registre!

MARC

LEADER 00000nam a2200000 a 4500
001 UCW8513
003 CL-VaPUC
008 880916e19800000SP |||||||||||||||||spa|d
082 0 4 |a 809.1  |b GUL  |2 21 
100 |a Gullón, Ricardo  |e author  |9 424603 
245 1 3 |a El modernismo visto por los modernistas 
300 |a 507 p 
942 |c BK 
945 |d 19880916 00:00:00 
260 |a Barcelona  |b Guadarrama  |c 1980 
650 0 |a Modernismo  |9 267987 
650 0 |a Poesía   |9 265825 
650 0 |a Historia y crítica   |9 257407 
583 |a last modification  |c 19880916 00:00:00  |k Rodrigo Vera 
490 0 |a Colección Punto Omega. Sección Teoría y Crítica Literaria, 257 
999 |c 220863  |d 220861 
952 |0 0  |1 0  |4 0  |6 809_100000000000000_GUL_1980  |7 0  |8 A  |9 213592  |a BIBEDU  |b BIBEDU  |d 2019-11-15  |i 2819422  |o 809.1 GUL 1980  |p 2819422  |r 2019-11-15  |w 2019-11-15  |y BK  |k LIT 
952 |0 0  |1 0  |4 0  |6 809_100000000000000_GUL_1980  |7 0  |8 A  |9 213593  |a BIBEDU  |b BIBEDU  |d 2019-11-15  |i 2819430  |o 809.1 GUL 1980  |p 2819430  |r 2019-11-15  |w 2019-11-15  |y BK  |k LIT